BIGGEST VEHICLES OF ALL - Statistics

General Stats
  • This quiz has been taken 14 times
  • The average score is 11 of 20
Answer Stats
# Name Country Type % Correct
Russia
83%
Russia(Soviet Union era)
83%
Australia
75%
Germany
75%
Germany
75%
USA
75%
USA
75%
USA, Canada, Russia, Japan, Europe
75%
Japan
58%
France
50%
8 Hughes H4 Hercules USA Plane
50%
3 Seawise Giant Oil Tanker Japan Ship
50%
4 US Enterprise USA Aircraft Carrier
42%
1 BHP Iron Ore Australia Train
42%
5 Hindenburg LZ-129 Germany Airship
33%
9 Mil V-12 Russia Helicopter
33%
10 Char 2C/FCM 2C Tank
33%
7 International Space Station USA, Canada, Russia, Japan, Europe Space Station
25%
6 Typhoon Class Russia Submarine
25%
2 F60 Overburden Conveyer Germany Land Transporter
8%
No matching quizzes found
Score Distribution
Percent of People with Each Score
Percentile by Number Answered
Your Score History
You have not taken this quiz